Central Library OPAC University of Rajshahi

জয়নুল আবেদিন : (Record no. 38880)

MARC details
000 -LEADER
fixed length control field 00966nam a22002417a 4500
001 - CONTROL NUMBER
control field 38880
003 - CONTROL NUMBER IDENTIFIER
rucl marc code BD-RjUL
005 - DATE AND TIME OF LATEST TRANSACTION
control field 20211209052857.0
008 - FIXED-LENGTH DATA ELEMENTS--GENERAL INFORMATION
fixed length control field 160320s2015 bg a||| |||| 001 0bben d
020 ## - INTERNATIONAL STANDARD BOOK NUMBER
International Standard Book Number 9789849120025
Terms of availability : Tk. 600.00
035 ## - SYSTEM CONTROL NUMBER
System control number (BD-RjUL)38990
040 ## - CATALOGING SOURCE
Original cataloging agency BD-RjUL
Language of cataloging ben
Transcribing agency BD-RjUL
041 ## - LANGUAGE CODE
Language code of text/sound track or separate title ben
082 ## - DEWEY DECIMAL CLASSIFICATION NUMBER
Edition number 23
Author mark and year HOJ 2015
Classification number 759.954
100 ## - MAIN ENTRY--PERSONAL NAME
Personal name হক, সৈয়দ আজিজুল
9 (RLIN) 119950
245 ## - TITLE STATEMENT
Title জয়নুল আবেদিন :
Remainder of title সৃষ্টিশীল জীবনসমগ্র /
Statement of responsibility, etc. সৈয়দ আজিজুল হক
260 ## - PUBLICATION, DISTRIBUTION, ETC. (IMPRINT)
Place of publication, distribution, etc. ঢাকা :
Name of publisher, distributor, etc. প্রথমা প্রকাশন,
Date of publication, distribution, etc. ২০১৫
300 ## - PHYSICAL DESCRIPTION
Pagination ২৮০ পৃ. :
Illustrations চিত্র ;
Size ২২ সেমি.
500 ## - GENERAL NOTE
General note নির্ঘন্ট সংযুক্ত
600 ## - SUBJECT ADDED ENTRY--PERSONAL NAME
Personal name আবেদিন, জয়নুল
Dates associated with a name ১৯১৪-১৯৭৬
Personal name Abedin, Zainul
Dates associated with a name 1914-1976
942 ## - ADDED ENTRY ELEMENTS (KOHA)
Source of classification or shelving scheme Dewey Decimal Classification
Koha item type Books
Holdings
Lost status Source of classification or shelving scheme Damaged status Not for loan Collection code Permanent Location Current Location Shelving location Date acquired Source of acquisition Cost, normal purchase price Total Checkouts Full call number Date last seen Copy number Koha item type Date checked out
  Dewey Decimal Classification   Not For Loan Non-fiction Central Library, University of Rajshahi Central Library, University of Rajshahi Reading Room 04/07/2015 Rajshahi, Viddyasagor 600.00   B 759.954 HOJ 2015 20/03/2016 C-1 Books  
  Dewey Decimal Classification     Non-fiction Central Library, University of Rajshahi Central Library, University of Rajshahi   04/07/2015 Rashahi, Viddyasagor 600.00 2 B 759.954 HOJ 2015 07/02/2024 C-2 Books 28/01/2024
  Dewey Decimal Classification     Non-fiction Central Library, University of Rajshahi Central Library, University of Rajshahi   04/07/2015 Rajshahi, Viddyasagor 600.00 3 B 759.954 HOJ 2015 15/09/2025 C-3 Books 11/09/2025